Fluid Mechanics and Machinery (Record no. 61089)

MARC details
000 -LEADER
fixed length control field 00455nam a2200181Ia 4500
008 - FIXED-LENGTH DATA ELEMENTS--GENERAL INFORMATION
fixed length control field 230525s9999 xx 000 0 und d
020 ## - INTERNATIONAL STANDARD BOOK NUMBER
ISBN 978-0-19-569963-7
082 ## - DEWEY DECIMAL CLASSIFICATION NUMBER
Classification number 621.4061
Item number OJH
100 ## - MAIN ENTRY--AUTHOR NAME
Personal name CSP Ojha
245 #0 - TITLE STATEMENT
Title Fluid Mechanics and Machinery
250 ## - EDITION STATEMENT
Edition statement 2
260 ## - PUBLICATION, DISTRIBUTION, ETC. (IMPRINT)
Place of publication New Delhi
Name of publisher Oxford
Year of publication 2011
300 ## - PHYSICAL DESCRIPTION
Number of Pages XX,993p;
500 ## - GENERAL NOTE
General note Quantity Number: 1
650 ## - SUBJECT ADDED ENTRY--TOPICAL TERM
Topical Term Mechanics
700 ## - ADDED ENTRY--PERSONAL NAME
Personal name P.N.Chandramouli
942 ## - ADDED ENTRY ELEMENTS (KOHA)
Koha item type Books
Holdings
Lost status Damaged status Permanent Location Current Location Shelving location Date acquired Full call number Accession Number Koha item type
    Central Library, Trident Academy of Technology Central Library, Trident Academy of Technology General Stacks 05/25/2023 621.4061 OJH 53975 Books
Trident Academy of Technology © 2023.
All rights reserved.                                                                                                                                                                                                        Designed by Team of Central Library .

Powered by Koha